A husband for breakfast. A singer in a cellar / (Record no. 109476)

MARC details
000 -LEADER
campo de control de longitud fija 00568nam a2200181 4500
001 - NÚMERO DE CONTROL
campo de control 109476
003 - IDENTIFICADOR DE NÚMERO DE CONTROL
campo de control ES-MaACL
005 - FECHA Y HORA DE LA ÚLTIMA TRANSACCIÓN
campo de control 20230906184841.0
007 - CAMPO FIJO DE DESCRIPCIÓN FÍSICA--INFORMACIÓN GENERAL
campo de control de longitud fija t|
008 - DATOS DE LONGITUD FIJA--INFORMACIÓN GENERAL
campo de control de longitud fija 061121s1960 sp r ||||1| eng d
100 1# - ENTRADA PRINCIPAL--NOMBRE DE PERSONA
Nombre de persona Mitchell, R. E.
9 (RLIN) 81684
245 12 - MENCIÓN DEL TÍTULO
Título A husband for breakfast. A singer in a cellar /
Mención de responsabilidad, etc. by R. E. Mitchell; Texto bilingüe. Traducido del inglés por B. García Monte.
260 ## - PUBLICACIÓN, DISTRIBUCIÓN, ETC.
Lugar de publicación, distribución, etc. Madrid :
Nombre del editor, distribuidor, etc. Alhambra,
Fecha de publicación, distribución, etc. 1960.
300 ## - DESCRIPCIÓN FÍSICA
Extensión 95 p. ;
Dimensiones 17 cm.
700 1# - ENTRADA AGREGADA--NOMBRE PERSONAL
Nombre de persona García Monte, B.
9 (RLIN) 54973
852 ## - LOCALIZACIÓN
Ubicación ES-MaACL
Número de control de estantería C-19521
Sublocalización o colección R.46260
Holdings
Estatus retirado Estado de pérdida Estado de daño No para préstamo Biblioteca de origen Biblioteca actual Ubicación en estantería Fecha de adquisición Fuente de adquisición Total de préstamos Signatura topográfica completa Código de barras Visto por última vez Precio de reemplazo Tipo de ítem Koha
        Biblioteca del Ateneo de Madrid Biblioteca del Ateneo de Madrid Galería 17/01/2008     C-19521 1114228 23/02/2023 23/02/2023 Libro impreso